000 00708cam a22002292 4500
001 0000023371
005 20151021151144.0
008 121119s xx 000 0 eng d
020 _a8131500026 :
040 _aKABU
_cKABU
050 0 _aHG4026
_b.B75 2004
100 1 _aBrigham, Eugene F.
_@0000152563
245 1 0 _aFundamentals of financial management /
_cEugene F. Brigham, Joel F. Houston.
250 _a10th ed.
260 _aNew Delhi :
_bCengage,
_c2004.
300 _axxxi, 831 p.
650 0 _aCorporations
_xFinance.
_@0000007704
700 1 _aHouston, Joel F.
_@0000152568
852 1 _9p2145 KES
908 _a121119
950 _@1
999 _c1305
_d1305